Оценка технологий здравоохранения (Запись № 13399364)

Подробности
000 -МАРКЕР
контрольное поле 02919nam0a2200445 4500
001 - ИДЕНТИФИКАТОР ЗАПИСИ
контрольное поле RU\NLR\BIBL_A\022522441
005 - ИДЕНТИФИКАТОР ВЕРСИИ
контрольное поле 20250512105309.0
010 ## - МЕЖДУНАРОДНЫЙ СТАНДАРТНЫЙ НОМЕР КНИГИ (ISBN)
Номер (ISBN) 978-5-02-041177-7
Тираж 2000
021 ## - НОМЕР ГОСУДАРСТВЕННОЙ РЕГИСТРАЦИИ
Код страны Российская Федерация
Номер КН-П-25-009393
Номер Листа государственной регистраци КН-П-25-0952
035 ## - ДРУГИЕ СИСТЕМНЫЕ НОМЕРА
Идентификатор записи (NLR Aleph) 022522441
100 ## - ДАННЫЕ ОБЩЕЙ ОБРАБОТКИ
Данные общей обработки 20250415d2025 k y0rusy50 ca
101 0# - ЯЗЫК РЕСУРСА
Язык текста, звукозаписи и т.д. русский
102 ## - СТРАНА ПУБЛИКАЦИИ ИЛИ ПРОИЗВОДСТВА
Страна публикации Российская Федерация
105 ## - ПОЛЕ КОДИРОВАННЫХ ДАННЫХ: ТЕКСТОВЫЕ МАТЕРИАЛЫ, МОНОГРАФИЧЕСКИЕ
Кодированные данные о монографическом текстовом документе a z 000yy
181 #0 - ПОЛЕ КОДИРОВАННЫХ ДАННЫХ: ВИД СОДЕРЖАНИЯ
Код вида содержания (ISBD) i3
Код характеристики содержания (ISBD) axxe
182 #0 - ПОЛЕ КОДИРОВАННЫХ ДАННЫХ: ТИП СРЕДСТВА
Код типа средства (ISBD) n - непосредственное
200 1# - ЗАГЛАВИЕ И СВЕДЕНИЯ ОБ ОТВЕТСТВЕННОСТИ
Основное заглавие Оценка технологий здравоохранения
Первые сведения об ответственности [Авксентьева М. В., доктор медицинских наук, профессор, Антонов А. А., экономист, Горкавенко Ф. В. и др.]
Последующие сведения об ответственности под редакцией доктора медицинских наук В. В. Омельяновского, доктора медицинских наук М. В. Авксентьевой
-- ФГБУ "Центр кспертизы и контроля качества медицинской помощи" Министерства здравоохранения Российской Федерации, ФГБОУ ДПО "Российская медицинская академия неприрывного профессионального образования" Министерства здравоохранения Российской Федерации
203 ## - ВИД СОДЕРЖАНИЯ И ТИП СРЕДСТВА
Вид содержания Текст
Дополнительные сведения об издании визуальный
Тип средства непосредственный
210 ## - ПУБЛИКАЦИЯ, РАСПРОСТРАНЕНИЕ И ДР.
Место издания, распространения и т.д. Москва
Имя издателя, распространителя и т. д. Наука
Дата издания, распространения и т.д. 2025 (печ. 2024)
215 ## - ФИЗИЧЕСКАЯ ХАРАКТЕРИСТИКА
Специфическое обозначение материала и объем 388, [1] с.
Другие сведения о физической характеристике цв. ил., табл.
Размеры 22
225 1# - СЕРИЯ
Основное заглавие серии Информация, аналитика, решения
300 ## - ОБЩИЕ ПРИМЕЧАНИЯ
Текст примечания Авт. указаны на 3-й с.
320 ## - ПРИМЕЧАНИЯ О НАЛИЧИИ В ДОКУМЕНТЕ БИБЛИОГРАФИИ / УКАЗАТЕЛЯ
Текст примечания Библиогр.: с. 360-389 (351 назв.)
606 1# - НАИМЕНОВАНИЕ ТЕМЫ КАК ПРЕДМЕТ
Наименование темы Медицинская помощь
Тематический подзаголовок Качество
-- Оценка
Системный номер авторитетной/нормативной записи 2366092
Идентификатор авторитетной/нормативной записи RU\NLR\AUTH\661412565
606 1# - НАИМЕНОВАНИЕ ТЕМЫ КАК ПРЕДМЕТ
Наименование темы Медицинские технологии
Тематический подзаголовок Оценка
Системный номер авторитетной/нормативной записи 2177422
Идентификатор авторитетной/нормативной записи RU\NLR\AUTH\6601545458
606 1# - НАИМЕНОВАНИЕ ТЕМЫ КАК ПРЕДМЕТ
Наименование темы Клинико-экономический анализ
Системный номер авторитетной/нормативной записи 2510998
Идентификатор авторитетной/нормативной записи RU\NLR\AUTH\661488575
686 1# - ИНДЕКСЫ ДРУГИХ КЛАССИФИКАЦИЙ
Индекс Р11(2)к4
686 1# - ИНДЕКСЫ ДРУГИХ КЛАССИФИКАЦИЙ
Индекс Р11(2)2
701 #1 - ИМЯ ЛИЦА - АЛЬТЕРНАТИВНАЯ ОТВЕТСТВЕННОСТЬ
Начальный элемент ввода Авксентьева
Часть имени, кроме начального элемента ввода М. В.
Расширение инициалов личного имени Мария Владимировна
701 #1 - ИМЯ ЛИЦА - АЛЬТЕРНАТИВНАЯ ОТВЕТСТВЕННОСТЬ
Графика поля Кириллица
Материалы, к которым относится поле rus
Начальный элемент ввода Антонов
Часть имени, кроме начального элемента ввода А. А.
Дополнения к именам, кроме дат экономист, здравоохранение
Расширение инициалов личного имени Артем Алексеевич
Системный номер авторитетной/нормативной записи 2651908
Идентификатор авторитетной/нормативной записи RU\NLR\AUTH\770279941
701 #1 - ИМЯ ЛИЦА - АЛЬТЕРНАТИВНАЯ ОТВЕТСТВЕННОСТЬ
Начальный элемент ввода Горкавенко
Часть имени, кроме начального элемента ввода Ф. В.
Расширение инициалов личного имени Филипп Васильевич
702 #1 - ИМЯ ЛИЦА - ВТОРИЧНАЯ ОТВЕТСТВЕННОСТЬ
Начальный элемент ввода Омельяновский
Часть имени, кроме начального элемента ввода В. В.
Расширение инициалов личного имени Виталий Владимирович
Код отношения Редактор
712 02 - НАИМЕНОВАНИЕ ОРГАНИЗАЦИИ - ВТОРИЧНАЯ ОТВЕТСТВЕННОСТЬ
Код отношения Прочие
Начальный элемент ввода Центр экспертизы и контроля качества медицинской помощи
Идентифицирующий признак Москва
Системный номер авторитетной/нормативной записи 672611
Идентификатор авторитетной/нормативной записи RU\NLR\AUTH\880506329
942 ## - ДОПОЛНИТЕЛЬНЫЕ ЭЛЕМЕНТЫ ЗАПИСИ (АБИС)
Тип экземпляра АБИС Книга
980 ## - КОЛЛЕКЦИЯ
Название коллекции Национальная библиография
Экземпляры
Тип экземпляра Дата поступления Источник поступления Библиотека постоянного хранения Библиотека текущего хранения Место хранения Шифр хранения Штрих-код Статус экземпляра
Книга 15.04.2025 Обязательный экземпляр РНБ (Московский) РНБ (Московский) Русский книжный фонд 2025-5/3298 1-4911958 Печать карточек
Книга 15.04.2025 Обязательный экземпляр РНБ (Московский) РНБ (Московский) Русский книжный фонд: издания с 1957 года 2025-5/3298 1-4911959